| 000 | 01024cab a22001935a 4500 | ||
|---|---|---|---|
| 001 | L144488 | ||
| 008 | 080723s2008 xxk f s 000 0 eng d | ||
| 035 | _a(Sirsi) u144488 | ||
| 041 | 0 | _aeng | |
| 100 | 1 | _aCentral Association of Agricultural Valuers | |
| 245 | 0 | 0 | _aCAAV tenanted farms survey 2007 |
| 260 | _c2008 | ||
| 490 |
_aFarmland Market _v(69) Summer 2008, 31(1) |
||
| 520 | _aResults of the 31st annual tenanted farms survey - the 12th which shows the full year effects of the reforms made by the Agricultural Tenancies Act 1995. Key indicators included a marked drop in activity in the let sector since 2005; one in seven farm business tenancies (FBTs) was on land not previously let; average agreed length of a FBT was 3 years, 10.4 months and 81% of the 1986 Act tenancies that ended were re-let as FBTs. | ||
| 650 | 2 | 4 | _aAGRICULTURAL TENANCIES ACT 1995 |
| 651 | 4 | _aAGRICULTURAL HOLDINGS ACT 1986 | |
| 690 | _aPROPERTY-LEASEHOLD PROPERTY-LANDLORD AND TENANT-TENANCIES-AGRICULTURAL TENANCIES | ||
| 942 | _n0 | ||
| 999 |
_c80487 _d80487 |
||